Every Song by Alien Ant Farm - Statistics

General Stats
  • This quiz has been taken 36 times
    5 since last reset
  • The average score is 8 of 67
Answer Stats
Album Song % Correct
ANThology(2001) Movies
100%
Up in the Attic(Hidden)(2006) Album End
50%
Up in the Attic(Bonus)(2006) All Your Crimes
50%
ANThology(2001) Attitude
50%
Non-Album(2026) Bad Attitude
50%
Up in the Attic(Hidden)(2006) Beehive
50%
ANThology(2001) Courage
50%
Greatest Hits(1999) Denigrate
50%
ANThology(2001) Flesh and Bone
50%
Greatest Hits(1999) Nova Hands
50%
ANThology(Hidden)(2001) Orange Appeal
50%
Greatest Hits(1999) Pink Tea
50%
Up in the Attic(Bonus)(2006) Repeat Defender
50%
ANThology(2001) Universe
50%
ANThology(2001) Wish
50%
truANT(2003) 1000 Days
0%
Non-Album(2026) Actitud
0%
Always and Forever(2015) American Pie
0%
Up in the Attic(2006) Around the Block
0%
Up in the Attic(2006) Bad Morning
0%
Up in the Attic(Bonus)(2006) Bellman
0%
Always and Forever(2015) Better Weather
0%
Always and Forever(2015) Burning
0%
ANThology(2001) Calico
0%
Up in the Attic(2006) Consti2tion
0%
Always and Forever(2015) Crazy Love
0%
Up in the Attic(2006) Crickets
0%
ANThology(2001) Death Day
0%
Always and Forever(2015) Dirty Bomb
0%
Greatest Hits(1999) Dole Roll
0%
truANT(2003) Drifting Apart
0%
Non-Album(2020) Everything She Wants
0%
Up in the Attic(2006) Forgive & Forget
0%
Up in the Attic(2006) Getting Closer
0%
truANT(2003) Glow
0%
Always and Forever(2015) Godlike
0%
truANT(2003) Goodbye
0%
Always and Forever(2015) Homage
0%
truANT(2003) Hope
0%
Up in the Attic(2006) It Could Happen
0%
Always and Forever(2015) Let 'Em Know
0%
Always and Forever(2015) Little Things (Physical)
0%
Up in the Attic(2006) Lord Knows
0%
truANT(2003) Never Meant
0%
Always and Forever(2015) Our Time
0%
truANT(2003) Quiet
0%
truANT(2003) Rubber Mallet
0%
Up in the Attic(2006) San Sebastian
0%
truANT(2003) Sarah Wynn
0%
Up in the Attic(2006) She's Only Evil
0%
Always and Forever(2015) Sidelines
0%
Always and Forever(2015) Simpatico
0%
Up in the Attic(2006) Sleepwalker
0%
Greatest Hits(1999) Slick Thief
0%
Greatest Hits(1999) Solution Time
0%
truANT(2003) S.S. Recognize
0%
Up in the Attic(2006) State of Emergency
0%
ANThology(2001) Sticks and Stones
0%
ANThology(2001) Stranded
0%
ANThology(2001) Summer
0%
Up in the Attic(2006) Supreme Lifestyle
0%
truANT(2003) These Days
0%
truANT(2003) Tia Lupé
0%
Up in the Attic(2006) What I Feel is Mine
0%
ANThology(2001) Whisper
0%
truANT(Bonus)(2003) Words
0%
Always and Forever(2015) Yellow Pages
0%
No matching quizzes found
Score Distribution
Percent of People with Each Score
Percentile by Number Answered
Your Score History
You have not taken this quiz since the last reset